00473nam a2200193 a 4500001001300000003000900013005001700022008004100039020000800080082001300088100002100101245002400122260002700146300001000173500003500183505002100218650001900239700002100258nice12345678IN_TiNIC20260116015419.0141113s2014 aiza grp 000 0 eng  ac000a270bZAI aZaihmingthanga,  aChurch in Luke-Acts aAizawl bAuthor c2014 a270p  aincludes index and biblioraphy2 aappendix, biblio aChurch History1 aZaihmingthanga,